| 000 | 00510nam a2200193 a 4500 | ||
|---|---|---|---|
| 003 | OSt | ||
| 005 | 20150817111508.0 | ||
| 008 | 020226s1994 | ||
| 020 | _a978-958-30-0413-1 | ||
| 040 |
_cBCRI _aBCRI |
||
| 082 | _a843 | ||
| 100 | 1 |
_aSaint-Exupéry, Antoine de _929637 _d1900-1944 |
|
| 245 | 1 | 3 |
_aEl Principito _cAntoine de Saint-Exupery |
| 250 | _a25ª ed. reimp | ||
| 260 |
_aBogota _bPanamericana _c2015 |
||
| 300 |
_a125 p. _bil. _c21cm |
||
| 650 | 2 | 4 |
_911443 _aNovela francesa |
| 942 |
_2ddc _cBK _hprozim |
||
| 999 |
_c22020 _d22020 |
||